000 01067nam a22002297a 4500
005 20100726161456.0
010 _aHIN-89836
020 _a8185333203
_c95.00
035 _aHN-62182
037 _bDBAD/PUB
082 _a
100 _aशर्मा, यादवेन्द्र 'चन्द्र'
_91579
245 _aशिक्षाप्रद कथाएँ /
_cयादवेन्द्र शर्मा 'चन्द्र'
246 _aShikshaprad Kathaein
_bby Yadvendra Sharma 'Chandra
260 _aबीकानेर
_bकविता प्रकाशन
_c2009
270 _aतेलीवाडा
_bबीकानेर
_e334005
300 _a63पृ.
_bसचित्र
_c22सेमी (सजिल्द)
650 _bलघु कथाएँ, हिन्दी
_91169
650 _bShort Stories
_91170
942 _2ddc
_cHN
_h
_mशर्माया
999 _c37806
_d37806